Revista Letras : (Record no. 21915)

000 -CABECERA
fixed length control field 01478nam a22002897a 4500
003 - IDENTIFICADOR DEL NÚMERO DE CONTROL
control field AR-CdUCM
008 - DATOS DE LONGITUD FIJA--INFORMACIÓN GENERAL
fixed length control field 190425b ||||| |||| 00| 0 spa d
040 ## - FUENTE DE LA CATALOGACIÓN
Agencia/entidad que catalogó originalmente la obra MUNICIPALIDAD PROVINCIAL DEL CUSCO
Entidad que transcribió la catalogación BIBLIOTECA MUNICIPAL DEL CUSCO
082 ## - NÚMERO DE LA CLASIFICACIÓN DECIMAL DEWEY
No. de Clasificación Rev.Letras/N°2/1948
110 ## - ENTRADA PRINCIPAL--NOMBRE DE ENTIDAD CORPORATIVA
Nombre de la institución, jurisdicción como entrada principal Universidad Nacional del Cuzco
9 (RLIN) 23977
245 ## - MENCIÓN DE TÍTULO
Título Revista Letras :
Resto del título órgano de la facultad de Letras de la Universidad Nacional del Cuzco /
Mención de responsabilidad Eulogio Tapia Olarte, director
260 ## - PUBLICACIÓN, DISTRIBUCIÓN, ETC.
Lugar de publicación, distribución, etc. Cusco :
Nombre de la editorial, distribuidor, etc. H.G. Rozas,
Fecha de publicación, distribución, etc. 1948.
300 ## - DESCRIPCIÓN FÍSICA
Nº de Páginas Extensión 210 páginas. :
Dimensiones 22 cm.
440 ## - MENCIÓN DE SERIE/PUNTO DE ACCESO ADICIONAL--TÍTULO
Título Universidad del Cuzco.
Número de la parte/sección de una obra Año 1, Segundo semestre de 1948. N°2
9 (RLIN) 46813
505 ## - NOTA DE CONTENIDO CON FORMATO
Nota de contenido formateada Contenido: Homenaje a Miguel de Cervantes Saavedra en el cuarto centenario de su nacimiento. José Gabriel Cosio. -- Historiosofía de Berdiaeff. Astete Abril. -- Francisco Zubiaga. Jorge Cornejo Bouroncle. -- Los Gobernadores de Cajamarca. Horacio Villanueva. -- Fray Vicente Valverde protector de los indios y su obra. Julián Santisteban Ochoa. -- Una Tupaj Amaro en España. Julian Santisteban Ochoa.
650 ## - PUNTO DE ACCESO ADICIONAL DE MATERIA--TÉRMINO DE MATERIA
Descriptor Narrativa cusqueña
9 (RLIN) 10453
650 ## - PUNTO DE ACCESO ADICIONAL DE MATERIA--TÉRMINO DE MATERIA
Descriptor Escritores cusqueños
9 (RLIN) 10661
650 ## - PUNTO DE ACCESO ADICIONAL DE MATERIA--TÉRMINO DE MATERIA
Descriptor Literatura cusqueña
9 (RLIN) 46804
650 ## - PUNTO DE ACCESO ADICIONAL DE MATERIA--TÉRMINO DE MATERIA
Descriptor Historia del Cusco
9 (RLIN) 1714
650 ## - PUNTO DE ACCESO ADICIONAL DE MATERIA--TÉRMINO DE MATERIA
Descriptor Francisca Zubiaga
9 (RLIN) 46814
700 ## - PUNTO DE ACCESO ADICIONAL--NOMBRE DE PERSONA
Nombre Personal Tapia Olarte, Eulogio
9 (RLIN) 32463
700 ## - PUNTO DE ACCESO ADICIONAL--NOMBRE DE PERSONA
Nombre Personal Cornejo Bouroncle, Jorge
9 (RLIN) 15278
700 ## - PUNTO DE ACCESO ADICIONAL--NOMBRE DE PERSONA
Nombre Personal Villanueva Urteaga, Horacio
9 (RLIN) 5790
700 ## - PUNTO DE ACCESO ADICIONAL--NOMBRE DE PERSONA
Nombre Personal Cosio, José Gabriel
9 (RLIN) 11720
942 ## - ELEMENTOS DE PUNTO DE ACCESO ADICIONAL (KOHA)
Fuente de clasificación
Tipo de item Revistas cusqueñas
945 ## - PROCESAMIENTO DE INFORMACIÓN LOCAL (OCLC)
Catalogador rac
Holdings
Estado de retiro (separado) Fuente de clasificación o esquema de estanterías Estado dañado Ubicación Sala donde se ubica Nombre de la colección Fecha de adquisición o compra Costo, precio normal en soles Signatura topográfica Código de Barras Última vez visto (Koha) Tipo de ítem (Koha)
No     Sala Hemeroteca Sala Hemeroteca Book Cart 2021-10-19 10.00 Rev.Letras/N°2/1948 REVC000439 2021-10-19 Revistas cusqueñas
No     Sala Hemeroteca Sala Hemeroteca Book Cart 2021-10-19 10.00 Rev.Letras/N°2/1948/e.2 REVC000440 2021-10-19 Revistas cusqueñas

Powered by Koha